| 000 | 00352nam a2200133Ia 4500 | ||
|---|---|---|---|
| 008 | 240624s9999 xx 000 0 und d | ||
| 041 | _aeng | ||
| 082 | _a413 HEE | ||
| 100 | _aHEERY EDMUND | ||
| 245 | _aDICTIONARY OF HUMAN RESOURCE MANAGEMENT | ||
| 260 |
_c2003 _aNew York _bOxford University press |
||
| 300 | _axxvii, : 449 : p. ; 22cm. | ||
| 365 | _cRS | ||
| 999 |
_c4127 _d4127 |
||